[Event "417 Stay Safe Play From Home series"]
[Site "Emanuel Lasker Arena"]
[Date "2020.08.28"]
[Round "8"]
[White "AChessPlayer"]
[Black "Lazieri3"]
[Result "1-0"]
[WhiteElo "2304"]
[BlackElo "2076"]
[PlyCount "103"]
[EventDate "2020.08.28"]
[EventType "swiss (blitz)"]

1. Nf3 {[%emt 0:00:01]} c6 {[%emt 0:00:00]} 2. g3 {[%emt 0:00:00]} d5 {[%emt 0:00:00]} 3. Bg2 {[%emt 0:00:00]} Nf6 {[%emt 0:00:00]} 4. O-O {[%emt 0:00:00]} Bf5 {[%emt 0:00:00]} 5. d3 {[%emt 0:00:00]} Qc8 {[%emt 0:00:00]} 6. Nbd2 {[%emt 0:00:01]} Bh3 {[%emt 0:00:00]} 7. Ng5 {[%emt 0:00:01]} Bxg2 {[%emt 0:00:01]} 8. Kxg2 {[%emt 0:00:00]} h6 {[%emt 0:00:00]} 9. Ngf3 {[%emt 0:00:01]} e6 {[%emt 0:00:01]} 10. e4 {[%emt 0:00:01]} dxe4 {[%emt 0:00:01]} 11. dxe4 {[%emt 0:00:01]} Nbd7 {[%emt 0:00:01]} 12. Qe2 {[%emt 0:00:01]} Qc7 {[%emt 0:00:01]} 13. b3 {[%emt 0:00:00]} Bc5 {[%emt 0:00:02]} 14. Bb2 {[%emt 0:00:01]} O-O {[%emt 0:00:00]} 15. Nc4 {[%emt 0:00:02]} Nb6 {[%emt 0:00:02]} 16. Nxb6 {[%emt 0:00:02]} Qxb6 {[%emt 0:00:01]} 17. Bxf6 {[%emt 0:00:00]} gxf6 {[%emt 0:00:01]} 18. e5 {[%emt 0:00:00]} f5 {[%emt 0:00:02]} 19. Nd2 {[%emt 0:00:02]} Rad8 {[%emt 0:00:04]} 20. Nc4 {[%emt 0:00:01]} Qc7 {[%emt 0:00:02]} 21. a4 {[%emt 0:00:01]} b5 {[%emt 0:00:02]} 22. axb5 {[%emt 0:00:01]} cxb5 {[%emt 0:00:00]} 23. Nb2 {[%emt 0:00:00]} Bd4 {[%emt 0:00:04]} 24. Ra2 {[%emt 0:00:01]} Bxb2 {[%emt 0:00:01]} 25. Rxb2 {[%emt 0:00:00]} Qc3 {[%emt 0:00:02]} 26. Ra2 {[%emt 0:00:01]} Rd2 {[%emt 0:00:01]} 27. Qxb5 {[%emt 0:00:01]} Rfd8 {[%emt 0:00:03]} 28. Rxa7 {[%emt 0:00:02]} Qxc2 {[%emt 0:00:01]} 29. Qb7 {[%emt 0:00:02]} Rf8 {[%emt 0:00:04]} 30. b4 {[%emt 0:00:03]} f4 {[%emt 0:00:02]} 31. Qf3 {[%emt 0:00:02]} fxg3 {[%emt 0:00:02]} 32. hxg3 {[%emt 0:00:00]} Qc4 {[%emt 0:00:09]} 33. Rh1 {[%emt 0:00:06]} Qd5 {[%emt 0:00:03]} 34. Rxh6 {[%emt 0:00:02]} Qxf3+ {[%emt 0:00:01]} 35. Kxf3 {[%emt 0:00:00]} Rd5 {[%emt 0:00:01]} 36. Ke4 {[%emt 0:00:02]} Rfd8 {[%emt 0:00:01]} 37. Rh4 {[%emt 0:00:02]} Rd4+ {[%emt 0:00:01]} 38. Kf3 {[%emt 0:00:02]} Rxh4 {[%emt 0:00:01]} 39. gxh4 {[%emt 0:00:00]} Rd4 {[%emt 0:00:00]} 40. Ra8+ {[%emt 0:00:00]} Kg7 {[%emt 0:00:01]} 41. b5 {[%emt 0:00:00]} Rxh4 {[%emt 0:00:01]} 42. b6 {[%emt 0:00:02]} Rb4 {[%emt 0:00:00]} 43. Ra6 {[%emt 0:00:01]} Kg6 {[%emt 0:00:00]} 44. Ke3 {[%emt 0:00:01]} Kf5 {[%emt 0:00:00]} 45. Kd3 {[%emt 0:00:04]} Rb3+ {[%emt 0:00:00]} 46. Kc4 {[%emt 0:00:01]} Rb1 {[%emt 0:00:00]} 47. f4 {[%emt 0:00:01]} Kxf4 {[%emt 0:00:01]} 48. Kc5 {[%emt 0:00:00]} Kxe5 {[%emt 0:00:00]} 49. Kc6 {[%emt 0:00:00]} Rc1+ {[%emt 0:00:00]} 50. Kb7 {[%emt 0:00:01]} Rb1 {[%emt 0:00:00]} 51. Ra5+ {[%emt 0:00:00]} Kf6 {[%emt 0:00:00]} 52. Ka6 {[%emt 0:00:00] Time Time Time} 1-0

[Event "417 Stay Safe Play From Home series"]
[Site "Emanuel Lasker Arena"]
[Date "2020.08.28"]
[Round "8"]
[White "Fischer_11"]
[Black "Hickey"]
[Result "0-1"]
[WhiteElo "2040"]
[BlackElo "2320"]
[Annotator "NA"]
[PlyCount "90"]
[EventDate "2020.08.28"]
[EventType "swiss (blitz)"]

1. e4 {[%emt 0:00:03]} c6 {[%emt 0:00:01]} 2. d4 {[%emt 0:00:01]} d5 {[%emt 0:00:00]} 3. exd5 {[%emt 0:00:00]} cxd5 {[%emt 0:00:00]} 4. c4 {[%emt 0:00:00]} Nf6 {[%emt 0:00:01]} 5. Nc3 {[%emt 0:00:00]} Nc6 {[%emt 0:00:01]} 6. Bg5 {[%emt 0:00:00]} Be6 {[%emt 0:00:02]} 7. c5 {[%emt 0:00:01]} g6 {[%emt 0:00:01]} 8. Nf3 {[%emt 0:00:01]} Bg7 {[%emt 0:00:00]} 9. Bb5 {[%emt 0:00:01]} O-O {[%emt 0:00:01]} 10. O-O {[%emt 0:00:00]} Bg4 {[%emt 0:00:01]} 11. Rc1 {[%emt 0:00:03]} Ne4 {[%emt 0:00:02]} 12. Be3 {[%emt 0:00:04]} e5 {[%emt 0:00:03]} 13. dxe5 {[%emt 0:00:02]} Nxe5 {[%emt 0:00:00]} 14. Be2 {[%emt 0:00:05]} Nxc3 {[%emt 0:00:05]} 15. bxc3 {[%emt 0:00:03]} Bxf3 {[%emt 0:00:03]} 16. Bxf3 {[%emt 0:00:00]} Nxf3+ {[%emt 0:00:01]} 17. Qxf3 {[%emt 0:00:00]} Qd7 {[%emt 0:00:04]} 18. Bd4 {[%emt 0:00:01]} Rfd8 {[%emt 0:00:01]} 19. Bxg7 {[%emt 0:00:01]} Kxg7 {[%emt 0:00:00]} 20. Rfd1 {[%emt 0:00:03]} Qc6 {[%emt 0:00:00]} 21. c4 {[%emt 0:00:02]} d4 {[%emt 0:00:03]} 22. Qxc6 {[%emt 0:00:03]} bxc6 {[%emt 0:00:00]} 23. Rd3 {[%emt 0:00:00]} Rd7 {[%emt 0:00:01]} 24. Rcd1 {[%emt 0:00:01]} Rad8 {[%emt 0:00:00]} 25. g4 {[%emt 0:00:02]} f5 {[%emt 0:00:01]} 26. h3 {[%emt 0:00:04]} fxg4 {[%emt 0:00:02]} 27. hxg4 {[%emt 0:00:00]} Kf6 {[%emt 0:00:00]} 28. f4 {[%emt 0:00:02]} h5 {[%emt 0:00:01]} 29. gxh5 {[%emt 0:00:01]} gxh5 {[%emt 0:00:00]} 30. Kg2 {[%emt 0:00:00]} Kf5 {[%emt 0:00:01]} 31. Kf3 {[%emt 0:00:00]} h4 {[%emt 0:00:06]} 32. Rh1 {[%emt 0:00:03]} Rh8 {[%emt 0:00:02]} 33. Rg1 {[%emt 0:00:07]} Rh5 {[%emt 0:00:02]} 34. Rh1 {[%emt 0:00:01]} h3 {[%emt 0:00:01]} 35. Kg3 {[%emt 0:00:01]} Ke4 {[%emt 0:00:01]} 36. Rdd1 {[%emt 0:00:02]} d3 {[%emt 0:00:01]} 37. Rde1+ {[%emt 0:00:00]} Kd4 {[%emt 0:00:01]} 38. Rxh3 {[%emt 0:00:00]} Rxh3+ {[%emt 0:00:01]} 39. Kxh3 {[%emt 0:00:00]} Kxc5 {[%emt 0:00:01]} 40. Kg4 {[%emt 0:00:01]} Kxc4 {[%emt 0:00:00]} 41. f5 {[%emt 0:00:00]} c5 {[%emt 0:00:01]} 42. Rd1 {[%emt 0:00:00]} Rf7 {[%emt 0:00:01]} 43. f6 {[%emt 0:00:00]} Rxf6 {[%emt 0:00:01]} 44. Rc1+ {[%emt 0:00:01]} Kd4 {[%emt 0:00:01]} 45. Rd1 {[%emt 0:00:00]} c4 {[%emt 0:00:00] Zeit Zeit Zeit (Lag: Av=0.53s, max=1.3s) (Lag: Av=0.53s, max=1.3s) (Lag: Av=0.53s, max=1.3s)} 0-1

[Event "417 Stay Safe Play From Home series"]
[Site "Emanuel Lasker Arena"]
[Date "2020.08.28"]
[Round "8"]
[White "TheCHESSHOUSE"]
[Black "NTBT_DHS"]
[Result "0-1"]
[WhiteElo "2035"]
[BlackElo "2578"]
[PlyCount "42"]
[EventDate "2020.08.28"]
[EventType "swiss (blitz)"]

1. d4 {[%emt 0:00:03]} Nf6 {[%emt 0:00:00]} 2. c4 {[%emt 0:00:01]} d6 {[%emt 0:00:01]} 3. Nc3 {[%emt 0:00:01]} Nbd7 {[%emt 0:00:00]} 4. e4 {[%emt 0:00:01]} g6 {[%emt 0:00:00]} 5. Nf3 {[%emt 0:00:01]} Bg7 {[%emt 0:00:00]} 6. h4 {[%emt 0:00:00]} O-O {[%emt 0:00:00]} 7. Be2 {[%emt 0:00:01]} e5 {[%emt 0:00:00]} 8. g3 {[%emt 0:00:01]} exd4 {[%emt 0:00:00]} 9. Nxd4 {[%emt 0:00:02]} Nc5 {[%emt 0:00:00]} 10. Qc2 {[%emt 0:00:02]} Re8 {[%emt 0:00:01]} 11. f3 {[%emt 0:00:03]} Nfxe4 {[%emt 0:00:01]} 12. Nxe4 {[%emt 0:00:03]} Nxe4 {[%emt 0:00:01]} 13. fxe4 {[%emt 0:00:01]} Bxd4 {[%emt 0:00:00]} 14. h5 {[%emt 0:00:01]} Qf6 {[%emt 0:00:02]} 15. Rf1 {[%emt 0:00:02]} Qe7 {[%emt 0:00:02]} 16. hxg6 {[%emt 0:00:01]} hxg6 {[%emt 0:00:00]} 17. Bf3 {[%emt 0:00:03]} Bf5 {[%emt 0:00:01]} 18. Qd2 {[%emt 0:00:04]} Bxe4 {[%emt 0:00:03]} 19. Qxd4 {[%emt 0:00:01]} Bxf3+ {[%emt 0:00:01]} 20. Kf2 {[%emt 0:00:00]} Qe2+ {[%emt 0:00:01]} 21. Kg1 {[%emt 0:00:00]} Qg2# {[%emt 0:00:00] (Lag: Av=0.69s, max=1.2s) (Lag: Av=0.69s, max=1.2s) (Lag: Av=0.69s, max=1.2s)} 0-1

[Event "417 Stay Safe Play From Home series"]
[Site "Emanuel Lasker Arena"]
[Date "2020.08.28"]
[Round "8"]
[White "GIULIO19031975"]
[Black "IceQueen"]
[Result "0-1"]
[WhiteElo "1885"]
[BlackElo "2408"]
[Annotator "NA"]
[PlyCount "122"]
[EventDate "2020.08.28"]
[EventType "swiss (blitz)"]

1. e4 {[%emt 0:00:01]} c5 {[%emt 0:00:00]} 2. Nf3 {[%emt 0:00:00]} e6 {[%emt 0:00:01]} 3. Nc3 {[%emt 0:00:00]} Nc6 {[%emt 0:00:01]} 4. Bb5 {[%emt 0:00:01]} Nd4 {[%emt 0:00:00]} 5. Nxd4 {[%emt 0:00:01]} cxd4 {[%emt 0:00:00]} 6. Ne2 {[%emt 0:00:00]} Qb6 {[%emt 0:00:00]} 7. Bd3 {[%emt 0:00:02]} Nf6 {[%emt 0:00:00]} 8. O-O {[%emt 0:00:01]} d6 {[%emt 0:00:01]} 9. h3 {[%emt 0:00:00]} Be7 {[%emt 0:00:01]} 10. c3 {[%emt 0:00:00]} dxc3 {[%emt 0:00:01]} 11. bxc3 {[%emt 0:00:01]} O-O {[%emt 0:00:00]} 12. a4 {[%emt 0:00:01]} Bd7 {[%emt 0:00:01]} 13. Ba3 {[%emt 0:00:01]} Bc6 {[%emt 0:00:01]} 14. Rb1 {[%emt 0:00:00]} Qc7 {[%emt 0:00:01]} 15. Bb4 {[%emt 0:00:02]} Nxe4 {[%emt 0:00:02]} 16. Bxe4 {[%emt 0:00:01]} Bxe4 {[%emt 0:00:00]} 17. Ng3 {[%emt 0:00:00]} Bxb1 {[%emt 0:00:01]} 18. Qxb1 {[%emt 0:00:01]} d5 {[%emt 0:00:01]} 19. a5 {[%emt 0:00:01]} Bxb4 {[%emt 0:00:01]} 20. cxb4 {[%emt 0:00:00]} Rac8 {[%emt 0:00:02]} 21. b5 {[%emt 0:00:01]} Qc2 {[%emt 0:00:01]} 22. Qe1 {[%emt 0:00:01]} Qd3 {[%emt 0:00:02]} 23. b6 {[%emt 0:00:02]} axb6 {[%emt 0:00:01]} 24. axb6 {[%emt 0:00:01]} Rc2 {[%emt 0:00:00]} 25. Qb1 {[%emt 0:00:03]} Qxd2 {[%emt 0:00:01]} 26. Qb5 {[%emt 0:00:02]} Rc1 {[%emt 0:00:03]} 27. Rxc1 {[%emt 0:00:02]} Qxc1+ {[%emt 0:00:00]} 28. Kh2 {[%emt 0:00:00]} Qc6 {[%emt 0:00:01]} 29. Qb2 {[%emt 0:00:01]} h6 {[%emt 0:00:02]} 30. h4 {[%emt 0:00:00]} Re8 {[%emt 0:00:02]} 31. Nh5 {[%emt 0:00:01]} e5 {[%emt 0:00:01]} 32. f3 {[%emt 0:00:03]} Qg6 {[%emt 0:00:01]} 33. Ng3 {[%emt 0:00:01]} Qf6 {[%emt 0:00:01]} 34. Qf2 {[%emt 0:00:01]} Qxh4+ {[%emt 0:00:01]} 35. Kg1 {[%emt 0:00:01]} Qd4 {[%emt 0:00:02]} 36. Qxd4 {[%emt 0:00:02]} exd4 {[%emt 0:00:00]} 37. Kf2 {[%emt 0:00:01]} Re6 {[%emt 0:00:00]} 38. Nf5 {[%emt 0:00:01]} Rxb6 {[%emt 0:00:00]} 39. Nxd4 {[%emt 0:00:01]} Rb2+ {[%emt 0:00:00]} 40. Ke3 {[%emt 0:00:01]} b5 {[%emt 0:00:00]} 41. Kf4 {[%emt 0:00:01]} b4 {[%emt 0:00:00]} 42. Ke5 {[%emt 0:00:01]} Rxg2 {[%emt 0:00:01]} 43. Kxd5 {[%emt 0:00:01]} Rd2 {[%emt 0:00:00]} 44. Kc4 {[%emt 0:00:01]} Rxd4+ {[%emt 0:00:01]} 45. Kxd4 {[%emt 0:00:01]} h5 {[%emt 0:00:00]} 46. Kc4 {[%emt 0:00:01]} h4 {[%emt 0:00:00]} 47. Kxb4 {[%emt 0:00:00]} h3 {[%emt 0:00:00]} 48. Kc4 {[%emt 0:00:00]} h2 {[%emt 0:00:00]} 49. Kd4 {[%emt 0:00:00]} h1=Q {[%emt 0:00:00]} 50. Ke4 {[%emt 0:00:00]} Qh4+ {[%emt 0:00:00]} 51. f4 {[%emt 0:00:00]} Qe1+ {[%emt 0:00:01]} 52. Kf5 {[%emt 0:00:01]} Qe6+ {[%emt 0:00:00]} 53. Kg5 {[%emt 0:00:01]} Qg6+ {[%emt 0:00:01]} 54. Kh4 {[%emt 0:00:01]} f5 {[%emt 0:00:01]} 55. Kh3 {[%emt 0:00:01]} Qg4+ {[%emt 0:00:01]} 56. Kh2 {[%emt 0:00:00]} Kf7 {[%emt 0:00:01]} 57. Kh1 {[%emt 0:00:01]} Ke6 {[%emt 0:00:01]} 58. Kh2 {[%emt 0:00:00]} Kd5 {[%emt 0:00:00]} 59. Kh1 {[%emt 0:00:00]} Ke4 {[%emt 0:00:00]} 60. Kh2 {[%emt 0:00:00]} Kf3 {[%emt 0:00:00]} 61. Kh1 {[%emt 0:00:00]} Qg2# {[%emt 0:00:00] (Lag: Av=0.51s, max=1.2s) (Lag: Av=0.51s, max=1.2s) (Lag: Av=0.51s, max=1.2s)} 0-1

[Event "417 Stay Safe Play From Home series"]
[Site "Emanuel Lasker Arena"]
[Date "2020.08.28"]
[Round "8"]
[White "Klasman"]
[Black "W Nelles"]
[Result "0-1"]
[WhiteElo "1303"]
[BlackElo "1220"]
[Annotator "NA"]
[PlyCount "62"]
[EventDate "2020.08.28"]
[EventType "swiss (blitz)"]

1. f4 {[%emt 0:00:02]} e6 {[%emt 0:00:01]} 2. e4 {[%emt 0:00:01]} Nf6 {[%emt 0:00:01]} 3. e5 {[%emt 0:00:01]} Nd5 {[%emt 0:00:01]} 4. c4 {[%emt 0:00:01]} Nxf4 {[%emt 0:00:02]} 5. d4 {[%emt 0:00:02]} h6 {[%emt 0:00:03]} 6. Bxf4 {[%emt 0:00:02]} Qh4+ {[%emt 0:00:03]} 7. Bg3 {[%emt 0:00:03]} Qe4+ {[%emt 0:00:01]} 8. Be2 {[%emt 0:00:05]} Bb4+ {[%emt 0:00:01]} 9. Nc3 {[%emt 0:00:03]} Bxc3+ {[%emt 0:00:01]} 10. bxc3 {[%emt 0:00:01]} O-O {[%emt 0:00:01]} 11. Nf3 {[%emt 0:00:01]} d5 {[%emt 0:00:01]} 12. O-O {[%emt 0:00:02]} Qe3+ {[%emt 0:00:02]} 13. Bf2 {[%emt 0:00:03]} Qf4 {[%emt 0:00:01]} 14. g3 {[%emt 0:00:03]} Qf5 {[%emt 0:00:04]} 15. Bd3 {[%emt 0:00:02]} Qh5 {[%emt 0:00:03]} 16. Be3 {[%emt 0:00:05]} g5 {[%emt 0:00:02]} 17. Be2 {[%emt 0:00:02]} g4 {[%emt 0:00:01]} 18. Nh4 {[%emt 0:00:03]} Nd7 {[%emt 0:00:03]} 19. Bxg4 {[%emt 0:00:01]} Qxg4 {[%emt 0:00:05]} 20. Qxg4+ {[%emt 0:00:01]} Kh7 {[%emt 0:00:01]} 21. Nf5 {[%emt 0:00:03]} Rg8 {[%emt 0:00:01]} 22. Qh5 {[%emt 0:00:05]} Rg6 {[%emt 0:00:02]} 23. Nxh6 {[%emt 0:00:02]} Rxh6 {[%emt 0:00:01]} 24. Rxf7+ {[%emt 0:00:01]} Kg8 {[%emt 0:00:02]} 25. Qxh6 {[%emt 0:00:01]} Kxf7 {[%emt 0:00:01]} 26. Rf1+ {[%emt 0:00:01]} Ke8 {[%emt 0:00:01]} 27. Qf8+ {[%emt 0:00:01]} Nxf8 {[%emt 0:00:01]} 28. Rxf8+ {[%emt 0:00:01]} Kxf8 {[%emt 0:00:01]} 29. Bh6+ {[%emt 0:00:01]} Kf7 {[%emt 0:00:01]} 30. g4 {[%emt 0:00:01]} Bd7 {[%emt 0:00:01]} 31. g5 {[%emt 0:00:01]} Rg8 {[%emt 0:00:01] Time Time Time (Lag: Av=0.66s, max=1.2s) (Lag: Av=0.66s, max=1.2s) (Lag: Av=0.66s, max=1.2s)} 0-1

[Event "417 Stay Safe Play From Home series"]
[Site "Emanuel Lasker Arena"]
[Date "2020.08.28"]
[Round "8"]
[White "KING o KONG"]
[Black "GMONIK"]
[Result "0-1"]
[WhiteElo "943"]
[BlackElo "1817"]
[Annotator "NA"]
[PlyCount "72"]
[EventDate "2020.08.28"]
[EventType "swiss (blitz)"]

1. d3 {[%emt 0:00:02]} e6 {[%emt 0:00:00]} 2. e3 {[%emt 0:00:01]} d5 {[%emt 0:00:01]} 3. b3 {[%emt 0:00:01]} Nf6 {[%emt 0:00:00]} 4. Bb2 {[%emt 0:00:01]} Be7 {[%emt 0:00:00]} 5. Bxf6 {[%emt 0:00:02]} Bxf6 {[%emt 0:00:02]} 6. c3 {[%emt 0:00:01]} b5 {[%emt 0:00:01]} 7. Qc2 {[%emt 0:00:01]} b4 {[%emt 0:00:01]} 8. g3 {[%emt 0:00:04]} c5 {[%emt 0:00:01]} 9. Bg2 {[%emt 0:00:01]} bxc3 {[%emt 0:00:01]} 10. Ne2 {[%emt 0:00:01]} Qa5 {[%emt 0:00:01]} 11. O-O {[%emt 0:00:02]} Nc6 {[%emt 0:00:00]} 12. a3 {[%emt 0:00:01]} Nb4 {[%emt 0:00:02]} 13. Nbxc3 {[%emt 0:00:03]} Bxc3 {[%emt 0:00:02]} 14. Nxc3 {[%emt 0:00:06]} Nxc2 {[%emt 0:00:01]} 15. Rac1 {[%emt 0:00:01]} Nxa3 {[%emt 0:00:02]} 16. Nb1 {[%emt 0:00:05]} Nxb1 {[%emt 0:00:02]} 17. Rxb1 {[%emt 0:00:01]} Qc7 {[%emt 0:00:00]} 18. Ra1 {[%emt 0:00:01]} O-O {[%emt 0:00:01]} 19. Rfc1 {[%emt 0:00:01]} Bd7 {[%emt 0:00:00]} 20. Ra2 {[%emt 0:00:01]} Bb5 {[%emt 0:00:01]} 21. Rac2 {[%emt 0:00:02]} Rac8 {[%emt 0:00:04]} 22. Rxc5 {[%emt 0:00:02]} Qxc5 {[%emt 0:00:01]} 23. Rxc5 {[%emt 0:00:01]} Rxc5 {[%emt 0:00:00]} 24. Bf1 {[%emt 0:00:01]} Rc1 {[%emt 0:00:02]} 25. Kg2 {[%emt 0:00:01]} Rxf1 {[%emt 0:00:00]} 26. Kxf1 {[%emt 0:00:01]} Bxd3+ {[%emt 0:00:00]} 27. Ke1 {[%emt 0:00:01]} Bc2 {[%emt 0:00:00]} 28. Kd2 {[%emt 0:00:01]} Bxb3 {[%emt 0:00:01]} 29. Kc3 {[%emt 0:00:01]} Bc4 {[%emt 0:00:00]} 30. Kd4 {[%emt 0:00:01]} Rb8 {[%emt 0:00:00]} 31. Kc3 {[%emt 0:00:02]} a5 {[%emt 0:00:00]} 32. Kd2 {[%emt 0:00:01]} a4 {[%emt 0:00:00]} 33. Ke1 {[%emt 0:00:03]} a3 {[%emt 0:00:00]} 34. Kd2 {[%emt 0:00:01]} a2 {[%emt 0:00:00]} 35. Kc3 {[%emt 0:00:01]} a1=Q+ {[%emt 0:00:00]} 36. Kd2 {[%emt 0:00:02]} Rb2+ {[%emt 0:00:01] TimeW TimeW TimeW} 0-1

[Event "417 Stay Safe Play From Home series"]
[Site "Emanuel Lasker Arena"]
[Date "2020.08.28"]
[Round "9"]
[White "NTBT_DHS"]
[Black "GIULIO19031975"]
[Result "1-0"]
[WhiteElo "2579"]
[BlackElo "1883"]
[Annotator "NA"]
[PlyCount "47"]
[EventDate "2020.08.28"]
[EventType "swiss (blitz)"]

1. d4 {[%emt 0:00:01]} d5 {[%emt 0:00:01]} 2. Nc3 {[%emt 0:00:00]} Nf6 {[%emt 0:00:00]} 3. Bg5 {[%emt 0:00:01]} e6 {[%emt 0:00:00]} 4. e4 {[%emt 0:00:01]} Be7 {[%emt 0:00:00]} 5. e5 {[%emt 0:00:01]} Nfd7 {[%emt 0:00:01]} 6. Bxe7 {[%emt 0:00:00]} Qxe7 {[%emt 0:00:00]} 7. f4 {[%emt 0:00:00]} h5 {[%emt 0:00:01]} 8. Nf3 {[%emt 0:00:01]} Nc6 {[%emt 0:00:00]} 9. Bb5 {[%emt 0:00:02]} a6 {[%emt 0:00:01]} 10. Bxc6 {[%emt 0:00:00]} bxc6 {[%emt 0:00:00]} 11. O-O {[%emt 0:00:01]} c5 {[%emt 0:00:00]} 12. Na4 {[%emt 0:00:01]} cxd4 {[%emt 0:00:00]} 13. Nxd4 {[%emt 0:00:01]} Nb6 {[%emt 0:00:01]} 14. c3 {[%emt 0:00:02]} Bb7 {[%emt 0:00:00]} 15. b4 {[%emt 0:00:01]} Nxa4 {[%emt 0:00:01]} 16. Qxa4+ {[%emt 0:00:00]} Kf8 {[%emt 0:00:01]} 17. Qa5 {[%emt 0:00:01]} h4 {[%emt 0:00:01]} 18. f5 {[%emt 0:00:01]} h3 {[%emt 0:00:02]} 19. fxe6 {[%emt 0:00:02]} Kg8 {[%emt 0:00:02]} 20. exf7+ {[%emt 0:00:02]} Kf8 {[%emt 0:00:01]} 21. g3 {[%emt 0:00:01]} Qg5 {[%emt 0:00:02]} 22. Ne6+ {[%emt 0:00:02]} Ke7 {[%emt 0:00:01]} 23. Nxg5 {[%emt 0:00:00]} Kf8 {[%emt 0:00:03]} 24. Qc5# {[%emt 0:00:01] (Lag: Av=0.61s, max=0.8s) (Lag: Av=0.61s, max=0.8s) (Lag: Av=0.61s, max=0.8s)} 1-0

[Event "417 Stay Safe Play From Home series"]
[Site "Emanuel Lasker Arena"]
[Date "2020.08.28"]
[Round "9"]
[White "Hickey"]
[Black "W Nelles"]
[Result "1-0"]
[WhiteElo "2326"]
[BlackElo "1241"]
[PlyCount "57"]
[EventDate "2020.08.28"]
[EventType "swiss (blitz)"]

1. Nf3 {[%emt 0:00:01]} e6 {[%emt 0:00:01]} 2. b3 {[%emt 0:00:00]} Nc6 {[%emt 0:00:01]} 3. Bb2 {[%emt 0:00:00]} f6 {[%emt 0:00:02]} 4. d4 {[%emt 0:00:00]} d5 {[%emt 0:00:01]} 5. Nbd2 {[%emt 0:00:00]} Nge7 {[%emt 0:00:01]} 6. e4 {[%emt 0:00:00]} dxe4 {[%emt 0:00:02]} 7. Nxe4 {[%emt 0:00:00]} f5 {[%emt 0:00:01]} 8. Ng3 {[%emt 0:00:03]} Ng6 {[%emt 0:00:01]} 9. a3 {[%emt 0:00:01]} Be7 {[%emt 0:00:02]} 10. Bd3 {[%emt 0:00:01]} b6 {[%emt 0:00:03]} 11. h4 {[%emt 0:00:01]} Bb7 {[%emt 0:00:01]} 12. h5 {[%emt 0:00:00]} Nf8 {[%emt 0:00:03]} 13. Qe2 {[%emt 0:00:01]} Bg5 {[%emt 0:00:06]} 14. Nxg5 {[%emt 0:00:03]} Qxg5 {[%emt 0:00:02]} 15. d5 {[%emt 0:00:03]} O-O-O {[%emt 0:00:03]} 16. dxc6 {[%emt 0:00:01]} Bxc6 {[%emt 0:00:02]} 17. O-O {[%emt 0:00:00]} Rxd3 {[%emt 0:00:03]} 18. Qxd3 {[%emt 0:00:01]} Nd7 {[%emt 0:00:02]} 19. Rad1 {[%emt 0:00:02]} f4 {[%emt 0:00:02]} 20. Ne4 {[%emt 0:00:02]} Qxh5 {[%emt 0:00:02]} 21. f3 {[%emt 0:00:03]} g5 {[%emt 0:00:03]} 22. b4 {[%emt 0:00:03]} Ne5 {[%emt 0:00:03]} 23. Bxe5 {[%emt 0:00:03]} Rd8 {[%emt 0:00:01]} 24. Qxd8+ {[%emt 0:00:02]} Kb7 {[%emt 0:00:01]} 25. Qxc7+ {[%emt 0:00:00]} Ka6 {[%emt 0:00:01]} 26. c4 {[%emt 0:00:02]} Bxe4 {[%emt 0:00:03]} 27. fxe4 {[%emt 0:00:00]} Qxd1 {[%emt 0:00:02]} 28. b5+ {[%emt 0:00:00]} Ka5 {[%emt 0:00:03]} 29. Qxa7# {[%emt 0:00:00] (Lag: Av=0.74s, max=1.0s) (Lag: Av=0.74s, max=1.0s) (Lag: Av=0.74s, max=1.0s)} 1-0

[Event "417 Stay Safe Play From Home series"]
[Site "Emanuel Lasker Arena"]
[Date "2020.08.28"]
[Round "9"]
[White "Nguyen Hong Anh"]
[Black "AChessPlayer"]
[Result "0-1"]
[WhiteElo "2262"]
[BlackElo "2311"]
[PlyCount "112"]
[EventDate "2020.08.28"]
[EventType "swiss (blitz)"]

1. d4 {[%emt 0:00:01]} c6 {[%emt 0:00:01]} 2. c4 {[%emt 0:00:00]} Nf6 {[%emt 0:00:00]} 3. Nf3 {[%emt 0:00:01]} d5 {[%emt 0:00:00]} 4. g3 {[%emt 0:00:01]} g6 {[%emt 0:00:01]} 5. Bg2 {[%emt 0:00:01]} Bg7 {[%emt 0:00:00]} 6. O-O {[%emt 0:00:00]} O-O {[%emt 0:00:00]} 7. cxd5 {[%emt 0:00:00]} cxd5 {[%emt 0:00:01]} 8. Nc3 {[%emt 0:00:00]} Nc6 {[%emt 0:00:00]} 9. Ne5 {[%emt 0:00:00]} Ne4 {[%emt 0:00:03]} 10. Nxc6 {[%emt 0:00:01]} Nxc3 {[%emt 0:00:03]} 11. bxc3 {[%emt 0:00:03]} bxc6 {[%emt 0:00:01]} 12. Bf4 {[%emt 0:00:01]} Qa5 {[%emt 0:00:03]} 13. e4 {[%emt 0:00:02]} Ba6 {[%emt 0:00:02]} 14. Re1 {[%emt 0:00:01]} e6 {[%emt 0:00:01]} 15. Rc1 {[%emt 0:00:04]} Rfc8 {[%emt 0:00:04]} 16. Bd6 {[%emt 0:00:01]} Bh6 {[%emt 0:00:05]} 17. Bb4 {[%emt 0:00:02]} Qd8 {[%emt 0:00:02]} 18. Rb1 {[%emt 0:00:01]} Bc4 {[%emt 0:00:01]} 19. a3 {[%emt 0:00:01]} Rab8 {[%emt 0:00:01]} 20. Bc5 {[%emt 0:00:01]} a5 {[%emt 0:00:01]} 21. Qc2 {[%emt 0:00:04]} Rxb1 {[%emt 0:00:04]} 22. Rxb1 {[%emt 0:00:01]} Rb8 {[%emt 0:00:00]} 23. Rd1 {[%emt 0:00:01]} Bb3 {[%emt 0:00:04]} 24. Qe2 {[%emt 0:00:01]} Bxd1 {[%emt 0:00:00]} 25. Qxd1 {[%emt 0:00:00]} Rb2 {[%emt 0:00:02]} 26. Qa4 {[%emt 0:00:03]} Rb1+ {[%emt 0:00:02]} 27. Bf1 {[%emt 0:00:01]} dxe4 {[%emt 0:00:08]} 28. Qxc6 {[%emt 0:00:04]} e3 {[%emt 0:00:01]} 29. fxe3 {[%emt 0:00:02]} Bxe3+ {[%emt 0:00:01]} 30. Kg2 {[%emt 0:00:01]} Qd5+ {[%emt 0:00:00]} 31. Qxd5 {[%emt 0:00:01]} exd5 {[%emt 0:00:00]} 32. Bd3 {[%emt 0:00:01]} Rb2+ {[%emt 0:00:00]} 33. Kf3 {[%emt 0:00:01]} Bd2 {[%emt 0:00:00]} 34. c4 {[%emt 0:00:01]} Rb3 {[%emt 0:00:00]} 35. Ke2 {[%emt 0:00:01]} Bc1 {[%emt 0:00:01]} 36. cxd5 {[%emt 0:00:01]} Bxa3 {[%emt 0:00:01]} 37. Bc4 {[%emt 0:00:01]} Rb2+ {[%emt 0:00:01]} 38. Kd3 {[%emt 0:00:01]} Bxc5 {[%emt 0:00:00]} 39. dxc5 {[%emt 0:00:01]} Kf8 {[%emt 0:00:00]} 40. c6 {[%emt 0:00:01]} Rb8 {[%emt 0:00:00]} 41. d6 {[%emt 0:00:01]} Rd8 {[%emt 0:00:01]} 42. d7 {[%emt 0:00:02]} Ke7 {[%emt 0:00:00]} 43. Bb5 {[%emt 0:00:00]} Kd6 {[%emt 0:00:00]} 44. Kd4 {[%emt 0:00:01]} Kc7 {[%emt 0:00:00]} 45. Ba4 {[%emt 0:00:01]} f6 {[%emt 0:00:00]} 46. Kc5 {[%emt 0:00:00]} Rf8 {[%emt 0:00:00]} 47. Kd5 {[%emt 0:00:00]} Rd8 {[%emt 0:00:00]} 48. Ke6 {[%emt 0:00:00]} Rf8 {[%emt 0:00:00]} 49. Ke7 {[%emt 0:00:01]} Rd8 {[%emt 0:00:00]} 50. Kxf6 {[%emt 0:00:01]} h5 {[%emt 0:00:00]} 51. Kg7 {[%emt 0:00:01]} h4 {[%emt 0:00:00]} 52. Kxg6 {[%emt 0:00:00]} hxg3 {[%emt 0:00:00]} 53. hxg3 {[%emt 0:00:00]} Rg8+ {[%emt 0:00:01]} 54. Kf7 {[%emt 0:00:00]} Rxg3 {[%emt 0:00:00]} 55. Ke7 {[%emt 0:00:00]} Rd3 {[%emt 0:00:00]} 56. Kf6 {[%emt 0:00:01]} Re3 {[%emt 0:00:00] Time Time Time (Lag: Av=0.84s, max=1.8s) (Lag: Av=0.84s, max=1.8s) (Lag: Av=0.84s, max=1.8s)} 0-1